Chapman Library

The Ruler Who Serves (Record no. 3445)

000 -LEADER
fixed length control field 00272nam a22001217a 4500
020 ## - INTERNATIONAL STANDARD BOOK NUMBER
ISBN 0876808402
050 ## - LIBRARY OF CONGRESS CALL NUMBER
Classification number BS 2585.3
100 ## - MAIN ENTRY--AUTHOR NAME
Personal name Stedman, Ray C.
245 ## - TITLE STATEMENT
Title The Ruler Who Serves
260 ## - PUBLICATION, DISTRIBUTION, ETC. (IMPRINT)
Place of publication Waco/Texas
Name of publisher Word Books Publishers
Year of publication 1976
300 ## - PHYSICAL DESCRIPTION
Number of Pages 231p.
942 ## - ADDED ENTRY ELEMENTS (KOHA)
Koha item type Books
Holdings
Koha item type Collection code Shelving location Accession Number Permanent Location Current Location Date acquired Full call number
BooksLendingLending5635Chapman LibraryChapman Library2017-04-01BS2575.3ste


CSUC Chapman Library is a Koha Automated Library.


Contact us: library@csuc.edu.gh.